<?xml version="1.0" encoding="UTF-8"?>
<marc:record xmlns:marc="http://www.loc.gov/MARC21/slim">
   <marc:leader>00000nam a2200000 a 4500</marc:leader>
   <marc:datafield ind1="0" ind2="0" tag="245">
      <marc:subfield code="a">Der kleine Drache Kokosnuss und die Wetterhexe</marc:subfield>
   </marc:datafield>
   <marc:datafield ind1=" " ind2="1" tag="264">
      <marc:subfield code="b">cbj audio</marc:subfield>
      <marc:subfield code="c">2007</marc:subfield>
   </marc:datafield>
   <marc:datafield ind1="1" ind2=" " tag="490">
      <marc:subfield code="a">Der kleine Drache Kokosnuss</marc:subfield>
   </marc:datafield>
   <marc:datafield ind1="1" ind2=" " tag="520">
      <marc:subfield code="a">Strahlender Sonnenschein auf der Dracheninsel: Kokosnuss und seine Freunde freuen sich auf herrliche Strandtage. Doch die Gewitterhexe Gula hüllt die ganze Insel in Sturm und Dauerregen. Wem das Wetter nicht passt, wird kurzum in ein Hagelkorn verwandelt! Natürlich will Kokosnuss kein Hagelkorn sein, den Sommer aber will er sich auch nicht verhageln lassen. Da hilft nur Drachenlist. Wie man mit süßer Limonade, Köpfchen und einem Besenschwur eine alte Wetterhexe verjagt, erzählt das neue Abenteuer vom kleinen Drachen Kokosnuss und seinen Freunden. </marc:subfield>
   </marc:datafield>
</marc:record>
